Lakes of Switzerland Quiz Stats

 Plays Quiz not verified by Sporcle

Challenge
Share
Tweet
Embed
Score 0/16 Timer 07:00
0 Plays Today
Area in km² Name of Lake % Correct
580Lake Geneva
99%
88Lake Zurich
86.6%
536Lake Constance
85.6%
215Lake Neuchâtel
82.7%
114Lake Lucerne
79.2%
210Lake Maggiore
69.3%
48Lake Thun
66.8%
49Lake Lugano
62.4%
Area in km² Name of Lake % Correct
40Lake Biel
62.4%
38Lake Zug
60.4%
30Lake Brienz
52.5%
23Lake Murten
44.1%
24Lake Walen
38.6%
14Lake Sempach
21.3%
10Lake Hallwil
20.8%
11Lake Sihl
15.3%

You're not logged in!

Compare scores with friends on all Sporcle quizzes.
Join for Free
OR
Log In

You Might Also Like...

Show Comments

Extras

Top Quizzes Today


Score Distribution

Your Account Isn't Verified!

In order to create a playlist on Sporcle, you need to verify the email address you used during registration. Go to your Sporcle Settings to finish the process.

Report this User

Report this user for behavior that violates our Community Guidelines.

Details: